000 01883nam a2200277Ia 4500
003 OSt
005 20210408142452.0
008 210310s2005 ck gr 000 0 spa d
020 _a9586168220
040 _aCO-JMCR
_cCO-JMCR
041 0 _aspa
082 0 4 _a336.3 /
_bH558t
_223
100 1 _aHernández Rodríguez, Isidro,
_914718
_dautor
245 1 0 _aTeoría y política fiscal /
_cIsidro Hernández Rodríguez
250 _aPrimera edición
260 _aBogotá :
_bUniversidad Externado de Colombia,
_c2005
300 _b348 páginas ;
_c24 cm.
500 _aIncluye notas a pie de página.
504 _aBibliografía: páginas [329]-348
505 0 _aEl Estado y la economía -- Política monetaria y fiscal -- Teoría y política tributaria -- El gasto público -- Los déficit fiscales -- Financiación del déficit fiscal -- Política de privatizaciones -- Política fiscal y crecimiento y crecimiento económico
520 3 _aTeoría y política fiscal es un texto que desarrolla los temas básicos de un curso de pregrado. El libro ofrece varias interpretaciones para entender una misma cuestión y deja interrogantes con e propósito de evitar la obsesión de soluciones únicas, precisas e inefables para todo tiempo y espacio. El contenido incluye aspectos indispensables para el análisis de la política actual en los países subdesarrollados como la teoría del Estado, los tributos, el gasto, el financiamiento, las privatizaciones y los efectos que el sector público tiene sobre el crecimiento económico. Los tópicos se plantean para que el lector tenga herramientas que le permitan interpretar la realidad latinoamericana, aún cuando la mayoría de reflexiones prácticas se hacen para el caso colombiano.
650 1 4 _aPolítica fiscal
_914720
650 2 4 _aGastos públicos
_936701
650 2 4 _aHacienda pública
_936702
942 _2ddc
_cBK
999 _c7537
_d7537